Countries with the Lowest Percentage of Arable Land A-Z - Statistics

General Stats
  • This quiz has been taken 41 times
  • The average score is 15 of 24
Answer Stats
Letter % of land Country % Correct
Q 1.8% Qatar
100%
Y 2.2% Yemen
100%
O 0.2% Oman
97%
U 0.7% United Arab Emirates
91%
Z 5.1% Zambia
91%
V 1.6% Vanuatu
82%
D 0.1% Djibouti
79%
K 0.4% Kuwait
73%
J 2.3% Jordan
70%
P 0.7% Palau / Papua New Guinea
67%
F 2.9% Federated States of Micronesia
64%
H 9.1% Honduras
64%
I 1.2% Iceland
61%
L 1% Libya
58%
A 1.5% Andorra
52%
E 3.4% Egypt
52%
M 0.4% Mauritania
52%
R 1.6% Republic of the Congo
45%
G 1.3% Gabon
42%
N 1% Namibia
42%
T 4.1% Turkmenistan
42%
S 0.3% Seychelles
39%
B 0.5% Botswana
36%
C 1.6% Chile
24%
No matching quizzes found
Score Distribution
Percent of People with Each Score
Percentile by Number Answered
Your Score History
You have not taken this quiz